000 03140cab a2200361Ia 45 0
001 u200571
003 SIRSI
008 120604s2004 ua ss b eng d
040 _aEAL
041 _aeng
_bara
090 _aART ZJAR V31 No4A 12
100 1 _aBardisi, A.
240 1 0 _aZagazig journal of agricultural research, 2004 v. 31 (4A)
_h[electronic resource].
245 1 0 _aEffect of mineral NP and biofertilizers on garlic under sandy soil conditions
_h[electronic resource]
_b 2. yield, bulb quality and storability.
246 1 5 _aتأثير التسميد المعدنى (NP) والحيوى على الثوم تحت ظروف الأرض الرملية..
300 _aP. 1441-1462.
504 _aIncludes references.
520 _aThis experiment was carried out during two successive winter seasons of 2000-2001 and 2001-2002 at EL-Khattara Experimental Farm, Fac. Agric., Zagazig Univ., to study the effect of mineral NP (NP) and nitrobein (Nr) + phosphorein (pr) on yield, quality and storability of garlic under sandy soil conditions. Fertilization of garlic plants with 100% mineral NP in combination with 3kg Nr +1.8kg ~r recorded maximum yield of lit and 2Dd grades, total yield, exportable and marketable yield and average bulb weight, except yield of second grade in the 2Dd season since 100% NP + 4.5kg Nr +2.7 kg Pr recorded maximum yield of second grade while, Nr +Pr only at different rates .recorded minimum values. Application of 75 % NP and 4.5kg Nr +2.7 kg Pr and with4.5kg Nr +2.7 kg Pr only /fed gave the highest yield of third grade in the 1st and 2D seasons, respectively. While 75°A. or SO NP with all biofertilizers levels only gave the highest yield of fourth grade in the lit and 2nd season. Application of 100% NP + 3kg Nr +1.8 kg Pr/fed recorded maximum values of N, P, K, total carbohydrates and total protein in bulbs, 100% NP + 4.5 kg Nr +2.7 kg Pr /fed recorded maximum values of nitrate content in bulbs, 75 % NP +4.5 kg Nr +2.7 kg Pr /fed recorded maximum values of volatile oil in bulbs and with Nr + Pr only at three levels recoded maximum total soluble sugars and pungency in bulbs. Fertilization of garlic with 100% NP +3kg Nr+l.8 kg Pr and with 100% NP +4.5 kg Nr +2.7 kg Pr gave the highest values of emaciation percentage in bulbs during storage in the lit and 2nd seasons, respectively. Also, 100% NP only or with all biofertilizers levels recorded maximum sprouting percentage in bulbs during storage in both seasons. Mineral NP at 100% + 3kg Nr +1.8 kg Pr /fed recorded maximum values of weight loss percentage in bulb.
546 _aSummary in Arabic.
650 0 _aGarlic
_xFertilizers.
650 0 _aGarlic
_xStorage.
650 0 _aGarlic
_xYields.
650 0 _aSandy soils.
650 0 _aGarlic
_xQuality.
650 0 _aNitrogen fertilizers.
650 0 _aBiofertilizers.
700 1 _aEl-Mansi, A. A.
700 1 _aFayad, A. N.
700 1 _aAbou El-Khair, E. E.
773 0 _tZagazig Journal of Agricultural Research.
_g2004.v.31(4A)
_x1110-0338
_7nnas
_wu158356
856 4 0 _uhttp://nile.enal.sci.eg/EALE/2004/ZJAR/3104/4A/1441.pdf
_zFull Text Article.
596 _a1
942 _cAR
_2lcc
999 _c53043
_d53043